Statistics for Solve the Secret Country #5

Click here to take the quiz!

General Stats

  • This quiz has been taken 21,968 times
  • The average score is 18 of 27

Answer Stats

HintAnswer% Correct
AIQRIraq
99%
AMNOOman
98%
AAJNPJapan
97%
ADNSUSudan
96%
EEMNYYemen
95%
AINPSSpain
94%
AAINTWTaiwan
89%
AADNRWRwanda
82%
ADLNOPPoland
81%
AABGIMGambia
80%
CEIOMXMexico
77%
AEGMNRYGermany
76%
AAEGILRAlgeria
70%
AAIMNORRomania
68%
ABCILMOOColombia
58%
AAIKNPSTPakistan
57%
EHLOOSTLesotho
55%
AGILMNOOMongolia
54%
ABBEIMWZZimbabwe
53%
AAAHKKNSTZKazakhstan
51%
ABEIMMOQUZMozambique
50%
AEEIRRTEritrea
49%
AEEGLNSSenegal
46%
AABHINRBahrain
45%
ADEILNRSTWZSwitzerland
42%
AEINOSTEstonia
38%
Secret CountrySLOVENIA
37%

Score Distribution

Percentile by Number Answered

Percent of People with Each Score

Your Score History

You have not taken this quiz